01486cam a22003614i 4500003000900000005001700009008004100026020001500067035002700082040003300109082001900142100004000161245011600201264005600317300003800373336002100411337002500432338002300457504002800480505048200508526001000990526001001000526001001010526001001020526000801030526000801038526000801046526000801054526000801062526000801070526000801078650003801086PE-LiUPU20250731172921.0150623s r 000 0 d a8471519496 a(Sirsi) i9788471519498 aPE-LiUPUbspacPE-LiUPUerda04a261.2bG182211 aGalindo, Florencio,d1928-,eautor.13aEl fenomeno de las sectas fundamentalistas; la conquista evangélica de América Latina /cFlorencio Galindo. 1aEstella, España :bEditorial Verbo Divino,c1994. a463 páginas ;c22 centímetros atext2rdacontent aunmediated2rdamedia avolume2rdacarrier aIncluye bibliografía.0 aConceptos sociológicos, tipología. -Catolicismo latinoamericano, el protestantismo con alternativa?. -Evangelicalismo, fundamentalismo y pentecostalismo: El protestantismo americano. -Ambigüedad de las primeras campañas misioneras protestantes en américa latina. -El fundamentalismo militante. -Presencia e influjo del fundamnetalismo en américa latina. -Grupos y organizaciones que difunden el fundamentalismo en américa latina. -El reto a la iglesia católica. aSEG42 aSEG41 aSEG40 aSEG39 aP94 aP87 aP86 aP85 aP77 aP76 aP3504aProtestantismoxAmérica latina.